00329nam a2200121Ia 4500008004100000041000800041082001600049100001800065245005600083260003200139300001900171999001700190241015s9999 xx 000 0 und d aeng a808.066 MIN aBarbara Minto aThe Pyramid Principle Logic In Writing And Thinking bFt PublishingaLondonc2009 a224;. P. 22 cm c41730d41730